| 000 | 00917nam a2200289 a 4500 | ||
|---|---|---|---|
| 001 | 000016091 | ||
| 003 | DO-SdBNP | ||
| 005 | 20250618121711.0 | ||
| 007 | ta | ||
| 008 | 100225s1997 dr a 000 0 spa d | ||
| 020 | _a8484001792 | ||
| 040 |
_aDO-SdBNP _bspa _cBNPHU |
||
| 049 | _aBNPD | ||
| 082 | 4 |
_a920.72 _bM671g 1997 _222 |
|
| 100 | 1 |
_aGalván, William _91505 |
|
| 245 | 1 | 0 |
_aMinerva Mirabal : _bhistoria de una heroína / _cWilliam Galván ; presentación Fernando Sánchez Martínez. |
| 250 | _a3a ed. | ||
| 260 |
_aSanto Domingo : _bTaller, _c1997. |
||
| 300 |
_a358 p. : _bil., mapa. ; _c21 cm. |
||
| 490 | 0 |
_aBiblioteca Taller _v307 |
|
| 500 | _aIncluye notas al pie de las páginas | ||
| 590 | _aInventariado, 2023/BT | ||
| 600 | 1 | 0 |
_aMirabal reyes, minerva _d1926-1960 _945419 |
| 700 | 1 |
_aSánchez Martínez, Fernando _97183 |
|
| 910 | _aValidado. Control de calidad MMOLINA | ||
| 942 |
_2ddc _cLBS1 |
||
| 999 |
_c15632 _d15632 |
||